|
|
|
|
| LEADER |
01713nam a2200493 i 4500 |
| 001 |
nkc20203215333 |
| 003 |
CZ PrNK |
| 005 |
20210201085923.0 |
| 007 |
ta |
| 008 |
200420s2020 xr ah g 000 j cze |
| 015 |
|
|
|a cnb003215333
|
| 020 |
|
|
|a 978-80-906305-9-8
|q (brožováno)
|
| 035 |
|
|
|a (OCoLC)1237098415
|
| 040 |
|
|
|a OLA001
|b cze
|d ABA001
|e rda
|
| 045 |
|
|
|a x-x-
|
| 072 |
|
7 |
|a 821.162.3-3
|x Česká próza
|2 Konspekt
|9 25
|
| 080 |
|
|
|a 821.162.3-32
|2 MRF
|
| 080 |
|
|
|a 821.162.3
|2 MRF
|
| 080 |
|
|
|a (0:82-32)
|2 MRF
|
| 080 |
|
|
|a (081.1)
|2 MRF
|
| 100 |
1 |
|
|a Moštěk, Jan,
|d 1923-2001
|7 jo20010086966
|4 aut
|4 ill
|
| 245 |
1 |
0 |
|a Byl slídivej jako kočka /
|c Jan Moštěk
|
| 250 |
|
|
|a První vydání
|
| 264 |
|
1 |
|a Nová Říše na Moravě :
|b Dobrý důvod,
|c 2020
|
| 300 |
|
|
|a 166 stran :
|b barevné ilustrace, faksimile ;
|c 15 cm
|
| 336 |
|
|
|a text
|b txt
|2 rdacontent
|
| 337 |
|
|
|a bez média
|b n
|2 rdamedia
|
| 338 |
|
|
|a svazek
|b nc
|2 rdacarrier
|
| 490 |
1 |
|
|a Sebrané spisy Jana Moštěka ;
|v I
|
| 500 |
|
|
|a 300 výtisků
|
| 600 |
1 |
7 |
|a Moštěk, Jan,
|d 1923-2001
|7 jo20010086966
|2 czenas
|
| 648 |
|
7 |
|a 20. století
|7 ch460558
|2 czenas
|
| 650 |
0 |
7 |
|a česká literatura
|7 ph116858
|y 20. století
|2 czenas
|
| 650 |
0 |
9 |
|a Czech literature
|y 20th century
|2 eczenas
|
| 655 |
|
7 |
|a české povídky
|7 fd133971
|2 czenas
|
| 655 |
|
7 |
|a sebrané spisy
|7 fd133355
|2 czenas
|
| 655 |
|
9 |
|a Czech short stories
|2 eczenas
|
| 655 |
|
9 |
|a collected works
|2 eczenas
|
| 800 |
1 |
|
|a Moštěk, Jan,
|d 1923-2001.
|t Sebrané spisy
|0 s
|
| 910 |
2 |
|
|a BOA001
|b 1-1456.576
|
| 990 |
|
|
|a BK
|
| 995 |
|
|
|a 01
|
| 991 |
|
|
|b 202102
|c NOV
|
| 996 |
6 |
|
|b 2610844824
|c 1-1456.576
|l MZK
|r Sklad / do 1 hodiny
|n 0
|p p.v.
|w 001837351
|u 000010
|a 1
|e BOA001
|j MZK50
|s P
|